00294nam a22001097a 4500020001800000082001800018100001800036245007400054260003700128300001100165563000800176 a9781352012934 a346.4206bLUT aLuther, Peter aCore Statutes on Property Law 2021-2022 /cPeter Luther & Alan Moran  aLondon:bRed Globe Press,c2021. a356 p. aPB.